🎵 Musical relations 1 🎹 - Statistics

General Stats
  • This quiz has been taken 9 times
  • The average score is 9 of 15
Answer Stats
Clue Answer % Correct
Former married couple, "I Got You Babe". SAC.. Sonny and Cher
100%
Iconic disco divas, "We Are Family",.. nuff said! SS Sister Sledge
89%
He Ain't Heavy, He's My ______, a 1969 hit for The Hollies. B Brother
78%
1971 number one, for Clive Dunn. G Grandad
78%
Biggest hit was in 1986, in the US and UK, ' Breakout'. SOS Swing Out Sister
78%
I Don't Feel Like Dancin', was a number one, for this group, who amongst other things, toured with Lady Gaga in 2011. SS Scissor Sisters
67%
1976 Chicory Tip hit, co-wrote by Giorgio Moroder. SOMF Son Of My Father
67%
St Winifred's School Choir had a Christmas number one, in 1980, with this masterpiece! TNOQLG There's No One Quite Like Grandma
67%
Had a hit in 1988, with 'The Harder I Try' (UK). BB Brother Beyond
56%
US rock band, hits include, the iconic 'Long Train Runnin'', the group has sold 40m albums worldwide. DB Doobie Brothers
56%
Reached number one in 16 countries, with The Smurf Song, in 1977. FA Father Abraham
56%
Real name Ellen Naomi Cohen, died, aged just 32. MC Mama Cass
44%
Three Dog Night, as well as Tom Jones, had a hit with this Randy Newman-written song. MTMNTC Mama Told Me Not To Come
33%
Creeque Alley & California Dreamin', nuff said! Quality. MAP Mamas and the Papas
22%
Had a number 1 dance record in the UK, in 1994, with, Cantgetaman, Cantgetajob (Life's a Bitch!)". SB Sister Biss
0%
No matching quizzes found
Score Distribution
Percent of People with Each Score
Percentile by Number Answered
Your Score History
You have not taken this quiz